Statistics for General Knowledge Quiz #143

Click here to take the quiz!

General Stats

  • This quiz has been taken 22,269 times
  • The average score is 12 of 20

Answer Stats

Question Answer % Correct
What are the three countries of the world whose names start with "South"?South Africa
88%
What are the three countries of the world whose names start with "South"?South Korea
86%
What shark species has the highest number of *recorded* attacks on humans?Great White
81%
What are the three countries of the world whose names start with "South"?South Sudan
79%
What is the northernmost country where tigers are found in the wild?Russia
77%
What is the capital of Tunisia?Tunis
68%
What does the A stand for in NATO?Atlantic
68%
What musical instrument is like a flute, but smaller?Piccolo
63%
Lava comes in two types: Pahoehoe and Aa. What language did
these words come from?
Hawaiian
59%
What comes next in this sequence: Microwave, Infrared, Visible Light, …Ultraviolet
59%
What German sportswear company has a mountain lion as its logo?Puma
58%
What is the only animal, besides humans, known to attack the above?Orcas
55%
What activity is known as "Lucha Libre" in Mexico?Professional Wrestling
53%
What machine is Samuel Morse credited with inventing?Telegraph
52%
Who became, in 1999, the oldest female singer to have a #1 hit in the U.S.?
(Hint: the song was "Believe")
Cher
52%
Who starred as Inspector Clouseau in the movie "The Pink Panther"?Peter Sellers
50%
What movie character famously said "wax on, wax off"?Mr. Miyagi
48%
What movie starring Frank Sinatra was later remade starring George Clooney?Ocean's 11
45%
What feature of Jupiter is a storm that has lasted for centuries and has a
bigger diameter than planet Earth?
Great Red Spot
38%
Complete the song lyric: I am the very model of a modern major _______.General
26%

Score Distribution

Percentile by Number Answered

Percent of People with Each Score

Your Score History

You have not taken this quiz